<?xml version="1.0" encoding="UTF-8"?>
<record
    xmlns:xsi="http://www.w3.org/2001/XMLSchema-instance"
    xsi:schemaLocation="http://www.loc.gov/MARC21/slim http://www.loc.gov/standards/marcxml/schema/MARC21slim.xsd"
    xmlns="http://www.loc.gov/MARC21/slim">

  <leader>02487nam a22003017a 4500</leader>
  <controlfield tag="001">8081</controlfield>
  <controlfield tag="003">FISKH</controlfield>
  <controlfield tag="005">20250821162255.0</controlfield>
  <controlfield tag="008">250821b        cb ||||| |||| 00| 0 eng d</controlfield>
  <datafield tag="020" ind1=" " ind2=" ">
    <subfield code="a">9789996301827</subfield>
  </datafield>
  <datafield tag="040" ind1=" " ind2=" ">
    <subfield code="a">FISKH</subfield>
    <subfield code="b">khr</subfield>
    <subfield code="c">FISKH</subfield>
    <subfield code="d">FISKH</subfield>
  </datafield>
  <datafield tag="050" ind1=" " ind2=" ">
    <subfield code="a">PZ7</subfield>
  </datafield>
  <datafield tag="082" ind1=" " ind2=" ">
    <subfield code="a">800</subfield>
  </datafield>
  <datafield tag="100" ind1=" " ind2=" ">
    <subfield code="a">Pisey, Pol</subfield>
  </datafield>
  <datafield tag="245" ind1=" " ind2=" ">
    <subfield code="a">&#x1793;&#x17B6;&#x1784;&#x178F;&#x17BB;&#x1780;&#x1780;&#x17C2;&#x200B; :</subfield>
    <subfield code="b">The geckos / </subfield>
    <subfield code="c">&#x1793;&#x17B7;&#x1796;&#x1793;&#x17D2;&#x1792;&#x178A;&#x17C4;&#x1799; &#x17A2;&#x17D2;&#x1793;&#x1780;&#x179F;&#x17D2;&#x179A;&#x17B8; &#x1794;&#x17C9;&#x17BB;&#x179B; &#x1796;&#x17B7;&#x179F;&#x17B8; : &#x1780;&#x17C2;&#x179F;&#x1798;&#x17D2;&#x179A;&#x17BD;&#x179B;&#x178A;&#x17C4;&#x1799; &#x17A2;&#x17D2;&#x1793;&#x1780;&#x179F;&#x17D2;&#x179A;&#x17B8; &#x1782;&#x17BA;&#x1798;&#x179F;&#x17CA;&#x17BB;&#x1793; &#x179F;&#x17BB;&#x1792;&#x17B6;&#x179A;&#x17B8;</subfield>
  </datafield>
  <datafield tag="260" ind1=" " ind2=" ">
    <subfield code="a">Phnom Penh : </subfield>
    <subfield code="b">Reading Book , </subfield>
    <subfield code="c">2013.</subfield>
  </datafield>
  <datafield tag="300" ind1=" " ind2=" ">
    <subfield code="a">25 pages : </subfield>
    <subfield code="b">color illustrations ;</subfield>
    <subfield code="c">17 X 25 cm . </subfield>
  </datafield>
  <datafield tag="505" ind1=" " ind2=" ">
    <subfield code="a">K 
</subfield>
  </datafield>
  <datafield tag="520" ind1=" " ind2=" ">
    <subfield code="a">&#x179A;&#x17BC;&#x179F;&#x17B6;&#x1787;&#x17B6;&#x178F;&#x17BB;&#x1780;&#x1780;&#x17C2;&#x1780;&#x17D2;&#x179A;&#x1798;&#x17BB;&#x17C6;&#x179F;&#x17D2;&#x179A;&#x179F;&#x17CB;&#x179F;&#x17D2;&#x17A2;&#x17B6;&#x178F;&#x1798;&#x17D2;&#x1793;&#x17B6;&#x1780;&#x17CB;&#x178A;&#x17C2;&#x179B;&#x1798;&#x17B7;&#x1793;&#x178A;&#x17C2;&#x179B;&#x178A;&#x17BB;&#x179F;&#x17A2;&#x1793;&#x17B6;&#x1798;&#x17D0;&#x1799;&#x1781;&#x17D2;&#x179B;&#x17BD;&#x1793;&#x17AF;&#x1784;&#x17A1;&#x17BE;&#x1799;&#x17D4; &#x178F;&#x17BB;&#x1780;&#x1780;&#x17C2;&#x1795;&#x17D2;&#x179F;&#x17C1;&#x1784;&#x1791;&#x17C0;&#x178F; &#x1793;&#x17C5;&#x1780;&#x17D2;&#x1793;&#x17BB;&#x1784;&#x1797;&#x17BC;&#x1798;&#x17B7;&#x1798;&#x17B7;&#x1793;&#x178F;&#x17C2;&#x1785;&#x17BC;&#x179B;&#x1785;&#x17B7;&#x178F;&#x17D2;&#x178F;&#x1793;&#x17B6;&#x1784;&#x1794;&#x17C9;&#x17BB;&#x178E;&#x17D2;&#x178E;&#x17C4;&#x17C7;&#x1791;&#x17C1; &#x1794;&#x17C9;&#x17BB;&#x1793;&#x17D2;&#x178F;&#x17C2;&#x1780;&#x17CF;&#x179F;&#x17BE;&#x1785;&#x1793;&#x17B6;&#x1784;&#x1795;&#x1784;&#x178A;&#x17C2;&#x179A;&#x17D4; &#x178A;&#x17BC;&#x1785;&#x17D2;&#x1793;&#x17C1;&#x17C7; &#x1793;&#x17B6;&#x1784;&#x1798;&#x17B6;&#x1793;&#x17A2;&#x17B6;&#x179A;&#x1798;&#x17D2;&#x1798;&#x178E;&#x17CD;&#x179F;&#x17C4;&#x1780;&#x179F;&#x17D2;&#x178F;&#x17B6;&#x1799; &#x17A0;&#x17BE;&#x1799;&#x1791;&#x17C5;&#x1799;&#x17C6;&#x1798;&#x17D2;&#x1793;&#x17B6;&#x1780;&#x17CB;&#x17AF;&#x1784;&#x17D4; &#x1794;&#x1793;&#x17D2;&#x1791;&#x17B6;&#x1794;&#x17CB;&#x1798;&#x1780; &#x1798;&#x17B7;&#x178F;&#x17D2;&#x178F;&#x179A;&#x1794;&#x179F;&#x17CB;&#x1793;&#x17B6;&#x1784;&#x1788;&#x17D2;&#x1798;&#x17C4;&#x17C7; &#x179F;&#x17B6;&#x1793;&#x17CB;&#x1793;&#x17B8; &#x1794;&#x17B6;&#x1793;&#x1787;&#x17BD;&#x1799;&#x1795;&#x17D2;&#x179B;&#x17B6;&#x179F;&#x17CB;&#x1794;&#x17D2;&#x178F;&#x17BC;&#x179A;&#x17A2;&#x17B6;&#x179A;&#x1798;&#x17D2;&#x1798;&#x178E;&#x17CD;&#x179A;&#x1794;&#x179F;&#x17CB;&#x1793;&#x17B6;&#x1784; &#x1793;&#x17B7;&#x1784;&#x17B2;&#x17D2;&#x1799;&#x178A;&#x17C6;&#x1794;&#x17BC;&#x1793;&#x17D2;&#x1798;&#x17B6;&#x1793;&#x17A2;&#x17C6;&#x1796;&#x17B8;&#x1780;&#x17B6;&#x179A;&#x1790;&#x17C2;&#x1791;&#x17B6;&#x17C6;&#x1781;&#x17D2;&#x179B;&#x17BD;&#x1793; &#x1793;&#x17B7;&#x1784;&#x179A;&#x1794;&#x17C0;&#x1794;&#x179A;&#x179F;&#x17CB;&#x1793;&#x17C5;&#x17D4; &#x178A;&#x17BC;&#x1785;&#x17D2;&#x1793;&#x17C1;&#x17C7; &#x179A;&#x17BC;&#x179F;&#x17B6; &#x1794;&#x17B6;&#x1793;&#x1780;&#x17D2;&#x179B;&#x17B6;&#x1799;&#x1787;&#x17B6;&#x178F;&#x17BB;&#x1780;&#x1780;&#x17C2;&#x1790;&#x17D2;&#x1798;&#x17B8;&#x1798;&#x17BD;&#x1799;&#x178A;&#x17C2;&#x179B;&#x179F;&#x17D2;&#x17A2;&#x17B6;&#x178F;&#x178E;&#x17B6;&#x179F;&#x17CB; &#x1793;&#x17B7;&#x1784;&#x1798;&#x17B6;&#x1793;&#x17A2;&#x17B6;&#x179A;&#x1798;&#x17D2;&#x1798;&#x178E;&#x17CD;&#x1791;&#x17B6;&#x1780;&#x17CB;&#x1791;&#x17B6;&#x1789;&#x1785;&#x17C6;&#x1796;&#x17C4;&#x17C7;&#x178F;&#x17BB;&#x1780;&#x1780;&#x17C2;&#x1780;&#x17C6;&#x179B;&#x17C4;&#x17C7;&#x17D7;&#x17D4;</subfield>
  </datafield>
  <datafield tag="520" ind1=" " ind2=" ">
    <subfield code="a">Rosa was a virgin gecko who had never cleaned up herself. The young fellow geckoes as well as the other geckos in the village were not only fond of her but also tease her, so she felt upset and cried lonely. Then her friend, Sunny, helped her change the feeling and gave advice about her self-care and lifestyle so that Rosa became a new gecko who was very beautiful and attractive to the young fellow geckos . </subfield>
  </datafield>
  <datafield tag="521" ind1="8" ind2=" ">
    <subfield code="a">510 
</subfield>
    <subfield code="b">Lexile estimate 
</subfield>
  </datafield>
  <datafield tag="521" ind1="8" ind2=" ">
    <subfield code="a">K 
</subfield>
    <subfield code="b">Raz-Plus 
</subfield>
  </datafield>
  <datafield tag="650" ind1=" " ind2=" ">
    <subfield code="a">&#x178F;&#x17BB;&#x1780;&#x1780;&#x17C2;</subfield>
  </datafield>
  <datafield tag="650" ind1=" " ind2=" ">
    <subfield code="a">Gecko</subfield>
  </datafield>
  <datafield tag="700" ind1=" " ind2=" ">
    <subfield code="a">Saren, Kam </subfield>
    <subfield code="e">Illustrator </subfield>
  </datafield>
  <datafield tag="942" ind1=" " ind2=" ">
    <subfield code="2">ddc</subfield>
    <subfield code="c">KHB</subfield>
    <subfield code="n">0</subfield>
  </datafield>
  <datafield tag="999" ind1=" " ind2=" ">
    <subfield code="c">8081</subfield>
    <subfield code="d">8081</subfield>
  </datafield>
  <datafield tag="952" ind1=" " ind2=" ">
    <subfield code="0">0</subfield>
    <subfield code="1">0</subfield>
    <subfield code="2">ddc</subfield>
    <subfield code="4">0</subfield>
    <subfield code="7">0</subfield>
    <subfield code="8">Khmer-English Bilingual </subfield>
    <subfield code="a">002</subfield>
    <subfield code="b">002</subfield>
    <subfield code="c">TTP Khmer</subfield>
    <subfield code="d">2025-08-21</subfield>
    <subfield code="l">0</subfield>
    <subfield code="o">PIS PZ7 800</subfield>
    <subfield code="p">2025-4195</subfield>
    <subfield code="r">2025-08-21 15:23:11</subfield>
    <subfield code="t">1</subfield>
    <subfield code="w">2025-08-21</subfield>
    <subfield code="y">KHB</subfield>
  </datafield>
  <datafield tag="952" ind1=" " ind2=" ">
    <subfield code="0">0</subfield>
    <subfield code="1">0</subfield>
    <subfield code="2">ddc</subfield>
    <subfield code="4">0</subfield>
    <subfield code="7">0</subfield>
    <subfield code="8">Khmer-English Bilingual </subfield>
    <subfield code="a">001</subfield>
    <subfield code="b">001</subfield>
    <subfield code="c">OKHR</subfield>
    <subfield code="d">2025-09-04</subfield>
    <subfield code="l">0</subfield>
    <subfield code="o">PIS PZ7 800</subfield>
    <subfield code="p">FISTK04583</subfield>
    <subfield code="r">2025-09-04 15:58:48</subfield>
    <subfield code="t">2</subfield>
    <subfield code="w">2025-09-04</subfield>
    <subfield code="y">KHB</subfield>
  </datafield>
  <datafield tag="952" ind1=" " ind2=" ">
    <subfield code="0">0</subfield>
    <subfield code="1">0</subfield>
    <subfield code="2">ddc</subfield>
    <subfield code="4">0</subfield>
    <subfield code="7">0</subfield>
    <subfield code="8">Khmer-English Bilingual </subfield>
    <subfield code="a">001</subfield>
    <subfield code="b">001</subfield>
    <subfield code="c">OKHR</subfield>
    <subfield code="d">2025-09-04</subfield>
    <subfield code="l">0</subfield>
    <subfield code="o">PIS PZ7 800</subfield>
    <subfield code="p">FISTK04582</subfield>
    <subfield code="r">2025-09-04 15:59:10</subfield>
    <subfield code="t">3</subfield>
    <subfield code="w">2025-09-04</subfield>
    <subfield code="y">KHB</subfield>
  </datafield>
  <datafield tag="952" ind1=" " ind2=" ">
    <subfield code="0">0</subfield>
    <subfield code="1">0</subfield>
    <subfield code="2">ddc</subfield>
    <subfield code="4">0</subfield>
    <subfield code="7">0</subfield>
    <subfield code="8">Khmer-English Bilingual </subfield>
    <subfield code="a">002</subfield>
    <subfield code="b">002</subfield>
    <subfield code="c">TTP Khmer</subfield>
    <subfield code="d">2025-10-23</subfield>
    <subfield code="l">1</subfield>
    <subfield code="o">PIS PZ7 800</subfield>
    <subfield code="p">FISBK04150</subfield>
    <subfield code="r">2026-02-02 10:07:56</subfield>
    <subfield code="s">2026-01-05</subfield>
    <subfield code="t">4</subfield>
    <subfield code="w">2025-10-23</subfield>
    <subfield code="y">KHB</subfield>
  </datafield>
  <datafield tag="952" ind1=" " ind2=" ">
    <subfield code="0">0</subfield>
    <subfield code="1">0</subfield>
    <subfield code="2">ddc</subfield>
    <subfield code="4">0</subfield>
    <subfield code="7">0</subfield>
    <subfield code="8">Khmer-English Bilingual </subfield>
    <subfield code="a">002</subfield>
    <subfield code="b">002</subfield>
    <subfield code="c">TTP Khmer</subfield>
    <subfield code="d">2025-10-23</subfield>
    <subfield code="l">0</subfield>
    <subfield code="o">PIS PZ7 800</subfield>
    <subfield code="p">FISBK04126</subfield>
    <subfield code="r">2025-10-23 14:49:17</subfield>
    <subfield code="t">5</subfield>
    <subfield code="w">2025-10-23</subfield>
    <subfield code="y">KHB</subfield>
  </datafield>
  <datafield tag="952" ind1=" " ind2=" ">
    <subfield code="0">0</subfield>
    <subfield code="1">0</subfield>
    <subfield code="2">ddc</subfield>
    <subfield code="4">0</subfield>
    <subfield code="7">0</subfield>
    <subfield code="8">Khmer-English Bilingual </subfield>
    <subfield code="a">002</subfield>
    <subfield code="b">002</subfield>
    <subfield code="c">TTP Khmer</subfield>
    <subfield code="d">2025-11-11</subfield>
    <subfield code="l">0</subfield>
    <subfield code="o">PIS PZ7 800</subfield>
    <subfield code="p">FIS04316</subfield>
    <subfield code="r">2025-11-11 13:44:17</subfield>
    <subfield code="t">6</subfield>
    <subfield code="w">2025-11-11</subfield>
    <subfield code="y">KHB</subfield>
  </datafield>
  <datafield tag="952" ind1=" " ind2=" ">
    <subfield code="0">0</subfield>
    <subfield code="1">0</subfield>
    <subfield code="2">ddc</subfield>
    <subfield code="4">0</subfield>
    <subfield code="7">0</subfield>
    <subfield code="8">Khmer-English Bilingual </subfield>
    <subfield code="a">002</subfield>
    <subfield code="b">002</subfield>
    <subfield code="c">TTP Khmer</subfield>
    <subfield code="d">2025-11-27</subfield>
    <subfield code="l">0</subfield>
    <subfield code="o">PIS PZ7 800</subfield>
    <subfield code="p">2025-4954</subfield>
    <subfield code="r">2025-11-27 12:27:30</subfield>
    <subfield code="t">7</subfield>
    <subfield code="w">2025-11-27</subfield>
    <subfield code="y">KHB</subfield>
  </datafield>
</record>
